[Event "Challenge"]
[Site "http://www.queenalice.com/game.php?id=68957"]
[Date "2006.5.13"]
[Round "-"]
[White "Theologe"]
[Black "kathieD"]
[Result "1-0"]
[WhiteElo "1733"]
[BlackElo "932"]

1. d4 b6 2. c4 Nc6 3. Nc3 Nf6 4. e4 Ba6 5. e5 Ng8 6. Nf3 e6 7. Be2 Be7 8. O-O
Nh6 9. d5 exd5 10. cxd5 Na5 11. Bxa6 Bc5 12. Qa4 Kf8 13. Bxh6 gxh6 14. b4 Rg8
15. bxc5 c6 16. cxb6 axb6 17. Bd3 b5 18. Qf4 b4 19. Qxh6+ Ke7 20. d6+ Ke8 21.
Ne4 Qb6 22. Qxh7 Rf8 23. Qg7 c5 24. Nf6+ Kd8 25. Qxf8# 1-0

[Event "Geraldo"]
[Site "http://www.queenalice.com/game.php?id=74450"]
[Date "2006.6.5"]
[Round "-"]
[White "gerajpb"]
[Black "Theologe"]
[Result "0-1"]
[WhiteElo "1847"]
[BlackElo "1733"]

1. e4 e6 2. d4 d5 3. Nc3 Bb4 4. Qg4 Nf6 5. Qxg7 Rg8 6. Qh6 Nbd7 7. e5 Rg6 8. Qh3
Ne4 9. Qxh7 c5 10. Qh8+ Nf8 11. a3 Qa5 12. Bb5+ Bd7 13. Bxd7+ Kxd7 14. Ne2 Bxc3+
15. bxc3 Rxg2 16. Bh6 Ke7 17. Rb1 b6 18. Be3 Qxa3 19. Bd2 Rxf2 20. Rg1 cxd4 21.
Rd1 Qc5 22. Bg5+ Kd7 23. Rd3 Rf5 24. Qg7 dxc3 25. Be3 Qe7 26. Qh8 Rd8 27. Nd4
Ng6 28. Qh7 Rh8 29. Nxf5 Rxh7 30. Nxe7 Kxe7 31. Bg5+ Kd7 32. h4 Nxe5 33. Rh3
Nxg5 34. Rxg5 Rxh4 35. Rxc3 Kd6 36. Rg8 Nc4 37. Rg7 Rf4 38. Rh3 a5 39. Rh8 Re4+
40. Kf2 Rd4 41. Rxf7 Rd2+ 42. Kg3 Rxc2 43. Rf6 b5 44. Rfh6 b4 45. Kf3 b3 46.
Rd8+ Kc7 47. Rhh8 b2 0-1

[Event "Challenge"]
[Site "http://www.queenalice.com/game.php?id=107602"]
[Date "2006.9.19"]
[Round "-"]
[White "PauloH_Colegiao"]
[Black "Theologe"]
[Result "0-1"]
[WhiteElo "1088"]
[BlackElo "1833"]

1. e4 e6 2. d4 d5 3. e5 c5 4. Be3 Qb6 5. dxc5 Bxc5 6. Be2 Nc6 7. Nf3 Bxe3 8.
fxe3 Nge7 9. Ng5 Qxb2 10. Nd2 Qxe5 11. h4 Qg3+ 12. Kf1 Nf5 13. Nde4 Nxe3+ 14.
Kg1 Qxg2# 0-1

[Event "Challenge"]
[Site "http://www.queenalice.com/game.php?id=112895"]
[Date "2006.10.4"]
[Round "-"]
[White "Theologe"]
[Black "gerajpb"]
[Result "1/2-1/2"]
[WhiteElo "1864"]
[BlackElo "1925"]

1. d4 d5 2. c4 dxc4 3. e3 e5 4. Bxc4 exd4 5. exd4 Bb4+ 6. Nc3 Nf6 7. Nf3 Qe7+ 8.
Ne5 O-O 9. O-O Nbd7 10. Bf4 Nb6 11. Bd3 c5 12. a3 cxd4 13. axb4 dxc3 14. bxc3
Nbd5 15. Qf3 Nxf4 16. Qxf4 Be6 17. Rfe1 Nd5 18. Qe4 f5 19. Qd4 Nb6 20. Nf3 Qf6
21. Qxf6 Rxf6 22. Nd4 Bd7 23. Re5 g6 24. Be2 1/2-1/2

[Event "AUTO-ADV-279"]
[Site "http://www.queenalice.com/game.php?id=119026"]
[Date "2006.10.20"]
[Round "1"]
[White "Theologe"]
[Black "Pato"]
[Result "0-1"]
[WhiteElo "1823"]
[BlackElo "1979"]

1. d4 Nf6 2. c4 e5 3. dxe5 Ng4 4. Nf3 Bc5 5. e3 Nc6 6. Be2 O-O 7. O-O Re8 8. Nc3
a5 9. b3 Ncxe5 10. Nxe5 Nxe5 11. Bb2 Ra6 12. Ne4 Ba7 13. Qd5 Rae6 14. Qxa5 Nc6
15. Bh5 Nxa5 0-1

[Event "AUTO-ADV-279"]
[Site "http://www.queenalice.com/game.php?id=119027"]
[Date "2006.10.20"]
[Round "1"]
[White "Pato"]
[Black "Theologe"]
[Result "0-1"]
[WhiteElo "2057"]
[BlackElo "1833"]

1. b3 e5 2. Bb2 Nc6 3. e4 Nf6 4. f4 Nxe4 5. Nf3 Bc5 6. d4 Nxd4 7. Nxd4 exd4 8.
Qf3 Qe7 9. Be2 O-O 10. Nd2 Bb4 11. Bc1 d5 12. a3 Bc3 13. Rb1 c5 14. Kd1 Bg4 15.
Qf1 Bxe2+ 16. Qxe2 Rfe8 17. Nxe4 dxe4 18. Bd2 Rad8 19. Re1 c4 20. Qxc4 e3 21.
Bxc3 dxc3+ 22. Ke2 Qh4 23. Kf1 Qf2# 0-1

[Event "AUTO-ADV-279"]
[Site "http://www.queenalice.com/game.php?id=119028"]
[Date "2006.10.20"]
[Round "1"]
[White "Theologe"]
[Black "JulianoSouza"]
[Result "0-1"]
[WhiteElo "1844"]
[BlackElo "1734"]

1. d4 d5 2. c4 e6 3. Nc3 Nf6 4. cxd5 exd5 5. Bg5 Nbd7 6. e3 c6 7. Bd3 Qa5 8. Qc2
Bb4 9. Nf3 h6 10. Bf4 Nb6 11. O-O O-O 12. Be5 c5 13. Bxf6 gxf6 14. Nxd5 Nxd5 15.
a3 cxd4 0-1

[Event "AUTO-ADV-279"]
[Site "http://www.queenalice.com/game.php?id=119029"]
[Date "2006.10.20"]
[Round "1"]
[White "JulianoSouza"]
[Black "Theologe"]
[Result "1-0"]
[WhiteElo "1712"]
[BlackElo "1866"]

1. e4 e6 2. d4 d5 3. e5 c5 4. Qg4 Qa5+ 5. Nc3 h5 6. Qf4 cxd4 7. Qxd4 Nc6 8. Bb5
Bb4 9. Bxc6+ bxc6 10. Ne2 c5 11. Qf4 d4 12. O-O dxc3 13. bxc3 Bxc3 14. Nxc3 1-0

[Event "AUTO-OPEN-267"]
[Site "http://www.queenalice.com/game.php?id=120680"]
[Date "2006.10.24"]
[Round "2"]
[White "Theologe"]
[Black "Marcelo"]
[Result "0-1"]
[WhiteElo "1803"]
[BlackElo "1719"]

1. d4 d5 2. c4 dxc4 3. e3 Nf6 4. Bxc4 e6 5. Nc3 Bb4 6. Nf3 Ne4 7. Qc2 Nxc3 8.
bxc3 Bd6 9. O-O O-O 10. e4 Nc6 11. e5 Be7 12. Qe4 Na5 13. Bd3 g6 14. Bh6 Re8 0-1

[Event "AUTO-OPEN-267"]
[Site "http://www.queenalice.com/game.php?id=120681"]
[Date "2006.10.24"]
[Round "2"]
[White "Marcelo"]
[Black "Theologe"]
[Result "1-0"]
[WhiteElo "1698"]
[BlackElo "1824"]

1. d4 d5 2. Bf4 Nf6 3. h3 c6 4. e3 Qb6 5. b3 Ne4 6. Bd3 Nd7 7. Ne2 Qa5+ 8. c3 g5
9. Bxe4 gxf4 10. Nxf4 dxe4 11. Qh5 Qxh5 12. Nxh5 f5 13. Nd2 Rg8 14. O-O 1-0